Latin : présent de l'indicatif - Statistiques

Statistiques générales
  • Ce quiz a été pris 265 fois
  • Le résultat moyen est 28 sur 30
Statistiques - réponses
Conjugaison Sujet Radical Terminaison % Correct
Première 1PS am o
100%
Première 2PS ama s
99%
Première 3PS ama t
98%
Deuxième 2PS mone s
96%
Première 1PP ama mus
95%
Première 3PP ama nt
95%
Deuxième 1PS mone o
95%
Troisième 1PS leg o
95%
Troisième 2PS legi s
95%
Deuxième 3PS mone t
95%
Troisième 3PS legi t
95%
Première 2PP ama tis
95%
Deuxième 1PP mone mus
93%
Troisième 1PP legi mus
93%
Deuxième 3PP mone nt
93%
Troisième (mixte) 2PS capi s
93%
Troisième (mixte) 3PS capi t
93%
Deuxième 2PP mone tis
93%
Troisième 2PP legi tis
93%
Troisième (mixte) 1PP capi mus
92%
Troisième (mixte) 1PS capi o
92%
Troisième (mixte) 2PP capi tis
92%
Quatrième 1PP audi mus
91%
Quatrième 1PS audi o
91%
Quatrième 2PS audi s
91%
Quatrième 3PS audi t
91%
Quatrième 2PP audi tis
91%
Troisième 3PP leg unt
91%
Troisième (mixte) 3PP capi unt
89%
Quatrième 3PP audi unt
88%
Aucun quiz correspondant
Distribution des résultats
% des personnes avec chaque résultat
Percentile par nombre de réponses
Votre historique - résultats
Vous n’avez pas pris ce quiz